Carlos el temerario (Record no. 25236)

MARC details
000 -LEADER
campo de control de longitud fija 00821nam a2200193 i 4500
001 - NÚMERO DE CONTROL
campo de control 25236
003 - IDENTIFICADOR DE NÚMERO DE CONTROL
campo de control ES-MaACL
005 - FECHA Y HORA DE LA ÚLTIMA TRANSACCIÓN
campo de control 20250628063303.0
007 - CAMPO FIJO DE DESCRIPCIÓN FÍSICA--INFORMACIÓN GENERAL
campo de control de longitud fija t|
008 - DATOS DE LONGITUD FIJA--INFORMACIÓN GENERAL
campo de control de longitud fija 021223s1853 sp ||||1| spa d
100 1# - ENTRADA PRINCIPAL--NOMBRE DE PERSONA
Nombre de persona Arlincourt, Charles-Victor Prévost d',
Fechas asociadas al nombre 1789-1856
9 (RLIN) 22897
245 10 - MENCIÓN DEL TÍTULO
Título Carlos el temerario
Resto del título : o El solitario del monte salvaje /
Mención de responsabilidad, etc. por el vizconde de Arlincourt ; traducido de la última edición por J. Alegret de Mesa.
260 ## - PUBLICACIÓN, DISTRIBUCIÓN, ETC.
Lugar de publicación, distribución, etc. Madrid :
Nombre del editor, distribuidor, etc. Publicación de Cabello Hermanos y Vicente,
Fecha de publicación, distribución, etc. 1853 (
Fabricante Impr. de A. Vicente)
300 ## - DESCRIPCIÓN FÍSICA
Extensión 246 p., [6] h. de lám. ;
Dimensiones 22 cm.
700 1# - ENTRADA AGREGADA--NOMBRE PERSONAL
Nombre de persona Alegret de Mesa, José.
9 (RLIN) 125600
740 3# - ENTRADA AGREGADA--TÍTULO RELACIONADO/ANALÍTICO NO CONTROLADO
Título relacionado o analítico no controlado El solitario del monte salvaje.
852 ## - LOCALIZACIÓN
Ubicación ES-MaACL
Número de control de estantería D-4082(1)
condición física . - Encuadernado con otras obras
Nota libre .- Legado M. de la Fuente
Holdings
Estatus retirado Estado de pérdida Estado de daño No para préstamo Colección Biblioteca de origen Biblioteca actual Ubicación en estantería Fecha de adquisición Fuente de adquisición Total de préstamos Signatura topográfica completa Código de barras Visto por última vez Precio de reemplazo Tipo de ítem Koha
        Libros del s. XIX Biblioteca del Ateneo de Madrid Biblioteca del Ateneo de Madrid Sala Valle Inclán 17/01/2008     D-4082 901026017 23/02/2023 23/02/2023 Libro impreso antiguo